000 01153nam a2200277 a 4500
003 OSt
005 20200803155355.0
008 970908s1994 ck b 000 0 spa d
020 _a9586144402
040 _aCO-JMCR
_cCO-JMCR
041 0 _aspa
082 0 4 _a322.1
_bU762c
_223
100 1 _aUribe Uribe, Rafael,
_d1859-1914.
_eautor
_98265
245 1 0 _aDe cómo el liberalismo político colombiano no es pecado /
_cRafael Uribe Uribe ; prólogo de Juan Camilo Rodríguez Gómez.
250 _aPrimera edición
260 _aBogotá :
_bPlaneta,
_c1994.
300 _a217 páginas ;
_c21 cm.
490 0 _aLista negra
500 _aDatos biográficos del autor en solapa posterior.
520 _aComo respuesta a la campaña que contra las ideas liberales venían adelantando desde mediados del siglo XIX amplios sectores de la iglesia católica, Rafael Uribe Uribe escribió De como el liberalismo político colombiano no es pecado.
650 2 4 _aIglesia y estado
_93426
650 2 4 _aPolítica y gobierno
_98266
650 2 4 _aLiberalismo y política
_98267
700 1 _aRodríguez Gómez, Juan Camilo,
_eProloguista
_98268
942 _2ddc
_cBK
999 _c6777
_d6777